| 000 | 00000nam 22000008a 4500 |
| 001 | 9.839697 |
| 003 | CaOODSP |
| 005 | 20221107151650 |
| 007 | cr ||||||||||| |
| 008 | 170714s2017 quc o f000 0 fre d |
| 020 | |a978-0-660-09049-8 |
| 040 | |aCaOODSP|bfre |
| 043 | |an-cn--- |
| 086 | 1 |aTU3-7/16-0140F-PDF |
| 110 | 2 |aBureau de la sécurité des transports du Canada. |
| 245 | 10|aChavirement et perte de vie, petit bateau de pêche C19496NB, Salmon Beach (Nouveau-Brunswick), 16 juin 2016 |h[ressource électronique]. |
| 260 | |aGatineau, QC : |bBureau de la sécurité des transports du Canada, |cc2017. |
| 300 | |a30 p. : |bill, photos. |
| 490 | 1 |aRapport d'enquête maritime ; |vM16A0140 |
| 500 | |aPubl. aussi en anglais sous le titre : Capsizing and loss of life, small fishing vessel C19496NB, Salmon Beach, New Brunswick, 16 June 2016. |
| 500 | |aTitre de la couv. |
| 520 | |a« Le 16 juin 2016, vers 4h45, heure avancée de l'Atlantique, un des filins de casiers du petit bateau de pêche C19496NB, avec 3 personnes à bord, s'est emmêlé au cours des activités de pêche au homard, à environ 0,5 mille marin du quai de Miller Brook à Salmon Beach (Nouveau-Brunswick). Les importantes contraintes exercées par le filin ont réduit le franc-board arrière du bateau à tribord et lorsque la mer de la hanche a frappé cette même partie du bateau, celui-ci a rapidement pris l'eau puis chaviré. Les 3 membres d'équipage ont été récupérés par le bateau de pêche Marie Eliser 1. Un des membres a reçu des soins médicaux pour hypothermie et le décès des 2 autres membres a été constaté par des ambulanciers paramédicaux. »--Résumé. |
| 692 | 07|2gccst|aAccident maritime |
| 692 | 07|2gccst|aEnquête |
| 775 | 08|tCapsizing and loss of life, small fishing vessel C19496NB, Salmon Beach, New Brunswick, 16 June 2016 |w(CaOODSP)9.839696 |
| 830 | #0|aRapport d'enquête maritime ;|vM16A0140|w(CaOODSP)9.501269 |
| 856 | 40|qPDF|s953 Ko|uhttps://publications.gc.ca/collections/collection_2017/bst-tsb/TU3-7-16-0140-fra.pdf |